000
00306nam a2200121Ia 4500
008
230907s9999||||xx |||||||||||||| ||und||
082
_a
621.38152,KIS
100
_a
Kisch, Horst.
245
0
_a
Semiconductor photocatalysis:
260
_a
Wiley-VCH
_b
New York
_c
2015
300
_a
xiii, 249p.:
942
_c
BK
999
_c
597999
_d
597999